Historia del cine mundial: desde los orígenes.
Saved in:
| Main Author: | |
|---|---|
| Format: | Book |
| Published: |
Ciudad de México, México:
Siglo Veintiuno,
2007.
|
| Edition: | Vigésima edición en español. |
| Subjects: | |
| Tags: |
Add Tag
No Tags, Be the first to tag this record!
|
MARC
| LEADER | 00000nam a22000007a 4500 | ||
|---|---|---|---|
| 003 | CL-VaPUC | ||
| 005 | 20250407202438.0 | ||
| 008 | 250307t2007 ||||| |||| 00| 0 eng d | ||
| 999 | |c 447163 |d 447161 | ||
| 020 | |a 978-968-23-0533-7 | ||
| 040 | |c Pontificia Universidad Católica de Valparaíso | ||
| 082 | 0 | 4 | |a 791.43 SAD 2007 |2 21 |
| 100 | 0 | |a Sadoul, Georges |e autor |9 304264 | |
| 245 | 1 | 0 | |a Historia del cine mundial: |b desde los orígenes. |
| 250 | |a Vigésima edición en español. | ||
| 260 | |a Ciudad de México, México: |b Siglo Veintiuno, |c 2007. | ||
| 300 | |a viii, 828 páginas : |b ilustraciones. | ||
| 500 | |a c.1.-c.2. Instituto Arcos 8-1-2025. | ||
| 583 | |a last modification |c 20180402 05:46:38 |k GC | ||
| 650 | 0 | |a Historia del cine |9 265166 | |
| 942 | |c BK |2 ddc |n 0 | ||
| 952 | |0 0 |1 0 |2 ddc |4 0 |6 791_430000000000000_SAD_2007 |7 0 |8 A |9 600762 |a BIBINC |b BIBINC |d 2025-03-07 |e Instituto Arcos |i 5665671 |o 791.43 SAD 2007 |p 5665671 |r 2025-03-07 |t 1 |w 2025-03-07 |y BK |k IFP | ||
| 952 | |0 0 |1 0 |2 ddc |4 0 |6 791_430000000000000_SAD_2007 |7 0 |8 A |9 600763 |a BIBINC |b BIBINC |d 2025-03-07 |e Instituto Arcos |i 5665672 |o 791.43 SAD 2007 |p 5665672 |r 2025-03-07 |t 2 |w 2025-03-07 |y BK |k IFP | ||